Đại Nam chính biên liệt truyện T.2 /
Ghi chép về sự tích, công trạng các công thần, liệt nữ và gia phả nhà Nguyễn trước và sau khi "Gia Long lập quốc".
সংরক্ষণ করুন:
| অন্যান্য লেখক: | , |
|---|---|
| বিন্যাস: | গ্রন্থ |
| ভাষা: | Vietnamese |
| প্রকাশিত: |
Huế :
Thuận Hoá,
1997.
|
| বিষয়গুলি: | |
| ট্যাগগুলো: |
ট্যাগ যুক্ত করুন
কোনো ট্যাগ নেই, প্রথমজন হিসাবে ট্যাগ করুন!
|
| Thư viện lưu trữ: | Mạng thư viện Đại học Đà Nẵng |
|---|
| LEADER | 01169cam a2200361 i 4500 | ||
|---|---|---|---|
| 001 | 000042461 | ||
| 003 | 335 | ||
| 005 | 20040519222049.0 | ||
| 008 | 010217b1997 vm 000 vie | ||
| 022 | |a T | ||
| 040 | |a IRC |c IRC |d IRC | ||
| 041 | 0 | |a vie | |
| 082 | 1 | 4 | |a 895.928207 |b Đa-N |
| 245 | 0 | 0 | |a Đại Nam chính biên liệt truyện |n T.2 / |c Ngô Hữu Tạo, Đỗ Mộng Khương dịch ; Cao Huy Giu, Nguyễn Trọng Hân hiệu đính. |
| 260 | |a Huế : |b Thuận Hoá, |c 1997. | ||
| 300 | |a 662tr. ; |c 20,5cm. | ||
| 520 | 3 | |a Ghi chép về sự tích, công trạng các công thần, liệt nữ và gia phả nhà Nguyễn trước và sau khi "Gia Long lập quốc". | |
| 630 | 0 | 4 | |a Đại Nam liệt truyện. |
| 630 | 0 | 4 | |a Văn học Việt. |
| 650 | 0 | 4 | |a Đại Nam liệt truyện. |
| 650 | 0 | 4 | |a Văn học Việt. |
| 700 | 1 | |a Đỗ Mộng Khương, |e dịch. | |
| 700 | 1 | |a Ngô Hữu Tạo, |e dịch. | |
| OWN | |a DUT | ||
| 999 | |a From the UDN01 | ||
| TYP | |a Monograph | ||
| TYP | |a Printed language | ||
| 980 | |a Mạng thư viện Đại học Đà Nẵng | ||